| Tag |
First Indicator |
Second Indicator |
Subfields |
| LEADER |
00000cam a2200000 i 4500 |
| 001 |
in00000052831 |
| 005 |
20151007074152.0 |
| 008 |
791204s1976 dcu b 00110 eng |
| 010 |
|
|
|a 79320360
|
| 035 |
|
|
|a (OCoLC)05991605
|
| 035 |
|
|
|9 AAF1054AM
|
| 040 |
|
|
|a DLC
|c DLC
|d TXA
|d UtOrBLW
|
| 043 |
|
|
|a e-uk---
|a e-uk-ni
|a n-us---
|
| 049 |
|
|
|a TXAM
|c [1192096]
|
| 050 |
0 |
0 |
|a LB2901
|b .F53
|
| 082 |
0 |
|
|a 371.2/00941
|
| 100 |
1 |
|
|a Fisher, Stephen H.
|
| 245 |
1 |
4 |
|a The United Kingdom of Great Britain and Northern Ireland :
|b a study of the educational system of the United Kingdom and a guide to the academic placement of students in educational institutions of the United States /
|c Stephen H. Fisher.
|
| 264 |
|
1 |
|a [Washington] :
|b American Association of Collegiate Registrars and Admissions Officers,
|c 1976.
|
| 300 |
|
|
|a xii, 275 pages ;
|c 23 cm.
|
| 336 |
|
|
|a text
|b txt
|2 rdacontent
|
| 337 |
|
|
|a unmediated
|b n
|2 rdamedia
|
| 338 |
|
|
|a volume
|b nc
|2 rdacarrier
|
| 490 |
1 |
|
|a World education series
|
| 500 |
|
|
|a Includes index.
|
| 504 |
|
|
|a Bibliography: pages 239-242.
|
| 650 |
|
0 |
|a School management and organization
|z Great Britain.
|
| 650 |
|
0 |
|a School management and organization
|z Northern Ireland.
|
| 650 |
|
0 |
|a School credits
|z United States.
|
| 830 |
|
0 |
|a World education series.
|
| 999 |
|
|
|a MARS
|
| 999 |
f |
f |
|s bcdf844e-cac7-30c6-930b-97bdd0d3f655
|i 3a4f0905-7dee-36e0-b730-c0b80e4e5c29
|t 0
|
| 952 |
f |
f |
|p normal
|a Texas A&M University
|b College Station
|c Sterling C. Evans Library
|d Evans: Library Stacks
|t 0
|e LB2901 .F53
|h Library of Congress classification
|i unmediated -- volume
|m A14803298641
|
| 998 |
f |
f |
|a LB2901 .F53
|t 0
|l Evans: Library Stacks
|